000 00843nam a2200205 i 4500
001 20178
003 ES-MaACL
005 20230906152241.0
007 t|
008 021107s1959 sp af |||| | spa d
100 1 _aAguado Marín, Mercedes.
_918623
245 1 0 _aEstudio morfológico y anatómico de los centenos españoles /
_cpor Mercedes Aguado Marín y Matilde Martínez Vázquez.
260 _aMadrid :
_b[s.n.,
_c1959] (
_fImp. Suc. Rivadeneyra)
300 _a227, 56 p. de lám. :
_bil. ;
_c24 cm.
500 _aPrecede al tít.: Instituto Nacional de Investigaciones Agronómicas. Centro de Cerealicultura.
650 4 _aCenteno.
_9165078
700 1 _aMartínez Vázquez, Matilde.
_978471
710 2 _aInstituto Nacional de Investigaciones Agronómicas (España).
_bCentro de Cerealicultura.
_95172
852 _aES-MaACL
_jC-18229
999 _c20178
_d20178